000 01657nam0a2200361 4500
001 RU\NLR\bibl\1905553
005 20260408204448.0
021 _aRU
_b2012-31736
_92356
035 _a(NLR Aleph) 001895134
090 _a2972917
_c2972917
100 _a20120521d2012 k y0rusy50 ca
101 0 _arus
_deng
102 _aRU
105 _ay |||||||||
200 1 _aО среднем количестве наилучших приближений линейных форм
_dOn the average number of best approximations of linear forms
_fА. А. Илларионов
_zeng
210 _aВладивосток
_cДальнаука
_d2012 (макет 2011)
215 _a38 с.
_d21
225 1 _aПрепринт
_dPreprint
_fРос. акад. наук, Дальневост. отд-ние, Ин-т прикл. математики, Хабар. отд-ние
_vN 01
300 _aАвт. также на англ. яз.: Andrey A. Illarionov
300 _aРез. на англ. яз.
320 _aБиблиогр.: с. 38 (13 назв.)
510 1 _6z22790
_aOn the average number of best approximations of linear forms
_zeng
606 _aРешетки (мат.) целочисленные
_xМинимумы
_3RU\NLR\auth\661572333
_92097271
686 _aВ152.23
700 1 _4070
_8rus
_7ca
_aИлларионов
_bА. А.
_gАндрей Анатольевич
_3RU\NLR\auth\77107816
_990741
790 1 _4070
_8rus
_7ba
_aIllarionov
_bA. A.
_gAndrej Anatol'evič
_3RU\NLR\auth\77107817
_990742
801 0 _aRU
_bNLR
_c20120521
_gRCR
801 1 _aRU
_bNLR
_c20120521
942 _cBOOK
980 _aNBR
980 _aNB